Νοημοσύνη και ευφυία

Αποθηκεύτηκε σε:
Λεπτομέρειες βιβλιογραφικής εγγραφής
Κύριος συγγραφέας: Καλλιάφας, Σπυρίδων Μ., 1885-1964
Μορφή: Βιβλίο
Γλώσσα:Greek
Δημοσίευση: Εν Αθήναις : Εργαστήριον Πειραματικής Παιδαγωγικής Πανεπιστημίου Αθηνών, 1952
Θέματα:
Ετικέτες: Προσθήκη ετικέτας
Δεν υπάρχουν, Καταχωρήστε ετικέτα πρώτοι!

MARC

LEADER 00000nam a2200000 i 4500
001 1/73617
008 961125s1952 gre d
035 |a 1996  |b 3  |c Δωρεά  |l 10031564 
040 |a GR-MY-UA  |b gre  |e aacr 
041 0 |a gre 
082 0 |a 153 
100 1 |a Καλλιάφας, Σπυρίδων Μ.,   |d 1885-1964. 
245 1 0 |a Νοημοσύνη και ευφυία /  |c Σπυρ. Μ. Καλλιάφα 
260 |a Εν Αθήναις :   |b Εργαστήριον Πειραματικής Παιδαγωγικής Πανεπιστημίου Αθηνών,   |c 1952 
300 |a 29 σ. 
650 0 0 |a Intellect. 
852 |a INST  |b RHODES  |e 19961125  |h 153 ΚΑΛ  |p 005400006976  |q 005400006976  |t BK  |y 0 
901 |a BIBL4-2000-2 
909 |a Ρ  |b 042943  |c 1996 
922 |a 4ΔΩΡ  |b 199611  |c ΔΩΡΕΑ 
970 |z 2000/08/ΔΕΜΕΝΑΓΑΣ ΠΕΤΡΟΣ